[Event "CYCC U12 w"]
[Site "Windsor CAN"]
[Date "2016.07.07"]
[Round "5.76"]
[White "Farkas, Jezzel"]
[Black "Lin, Alle"]
[Result "0-1"]
[WhiteElo "925"]
[BlackElo "1108"]
[PlyCount "72"]
[EventDate "2016.07.05"]
[EventType "swiss"]
[EventRounds "7"]
[EventCountry "CAN"]

1. d4 d5 2. c4 dxc4 3. e3 Nf6 4. Bxc4 Nc6 5. Nf3 Bg4 6. O-O e6 7. Nc3 Qd7 8. h3
Bh5 9. Re1 O-O-O 10. Bd2 e5 11. g4 Nxg4 12. hxg4 Qxg4+ 13. Kh2 Rd6 14. Be2 Rh6
15. e4 g5 16. Bxg5 Rg6 17. Rg1 Qd7 18. d5 Nd4 19. Nxd4 Bxe2 20. Ndxe2 f5 21. f4
Rhg8 22. Qd2 h6 23. Bh4 Be7 24. Rxg6 Rxg6 25. Rg1 Rxg1 26. Kxg1 Bxh4 27. fxe5
fxe4 28. Qxh6 Qg4+ 29. Kh2 b6 30. Qc6 Qh5 31. Qa8+ Kd7 32. Qc6+ Kd8 33. Qa8+
Kd7 34. e6+ Ke7 35. d6+ Kxd6 36. Qf8+ Be7+ 0-1

[Event "CYCC U12 w"]
[Site "Windsor CAN"]
[Date "2016.07.07"]
[Round "5.78"]
[White "D'Hondt, Sarah"]
[Black "Everitt, Marie"]
[Result "0-1"]
[WhiteElo "967"]
[BlackElo "743"]
[PlyCount "40"]
[EventDate "2016.07.05"]
[EventType "swiss"]
[EventRounds "7"]
[EventCountry "CAN"]

1. e4 d6 2. g3 Nf6 3. c3 Nxe4 4. Qa4+ c6 5. Qxe4 g6 6. b3 Bg7 7. Bc4 d5 8. Qf4
dxc4 9. Qxc4 O-O 10. Nf3 Nd7 11. Ng5 Ne5 12. Qf4 Nd3+ 13. Ke2 Nxf4+ 14. gxf4 e5
15. Ba3 Re8 16. Rd1 exf4+ 17. Kf3 Qxg5 18. h3 Bxh3 19. Rg1 Qxg1 20. Kxf4 Qg4#
0-1

[Event "CYCC U12 w"]
[Site "Windsor CAN"]
[Date "2016.07.08"]
[Round "6.73"]
[White "Tian, Sherry"]
[Black "Yang, Elena"]
[Result "0-1"]
[WhiteElo "1387"]
[BlackElo "1159"]
[PlyCount "129"]
[EventDate "2016.07.05"]
[EventType "swiss"]
[EventRounds "7"]
[EventCountry "CAN"]

1. d4 d5 2. Nf3 Nf6 3. b3 e6 4. Bb2 Be7 5. e3 b6 6. Bd3 O-O 7. O-O Nbd7 8. Qe2
c5 9. Ba6 Qc7 10. Bxc8 Raxc8 11. Rc1 Qb8 12. c4 Ne4 13. Nc3 Ndf6 14. cxd5 Nxc3
15. Rxc3 Nxd5 16. Rc2 Bd6 17. h3 h6 18. a3 Rfd8 19. Rac1 Ne7 20. dxc5 Rxc5 21.
Rxc5 Bxc5 22. b4 Bd6 23. Nd4 Rc8 24. Qd2 Rxc1+ 25. Qxc1 Qc7 26. Qxc7 Bxc7 27.
Nb5 Bb8 28. Kf1 g6 29. Ke2 Nd5 30. Kd3 Nc7 31. Be5 Nxb5 32. Bxb8 a6 33. a4 Na3
34. Bc7 b5 35. a5 Nc4 36. Kd4 Kf8 37. Kc5 Ke8 38. Kc6 f6 39. Kb7 Kd7 40. Bg3
Nxa5+ 41. Kxa6 Nc4 42. Kxb5 Nd2 43. Ka6 Nf1 44. b5 Nxg3 45. fxg3 Kc7 46. Ka7
Kd6 47. b6 Kd5 48. b7 Ke4 49. b8=Q Kxe3 50. Qf4+ Kd3 51. Qf2 f5 52. Kb6 g5 53.
Kc5 e5 54. Qf3+ Kd2 55. Kc4 e4 56. Qc3+ Ke2 57. Kd4 Kf2 58. g4 fxg4 59. hxg4
Kxg2 60. Kxe4 h5 61. Qf3+ Kh2 62. Ke3 h4 63. Kf2 h3 64. Qg3+ Kh1 65. Qg1# 0-1

[Event "CYCC U12 w"]
[Site "Windsor CAN"]
[Date "2016.07.08"]
[Round "6.74"]
[White "Tan, Kylie"]
[Black "Boucher, Myriam"]
[Result "1-0"]
[WhiteElo "1620"]
[BlackElo "1167"]
[PlyCount "69"]
[EventDate "2016.07.05"]
[EventType "swiss"]
[EventRounds "7"]
[EventCountry "CAN"]

1. e4 e5 2. Nf3 Nc6 3. Bc4 Nf6 4. d3 d5 5. exd5 Nxd5 6. O-O Bg4 7. Nbd2 Bc5 8.
Ne4 Bb6 9. h3 Bxf3 10. Qxf3 O-O 11. c3 Qd7 12. Bxd5 Qxd5 13. Nf6+ gxf6 14. Qxd5
Rad8 15. Qf3 Rd6 16. Bh6 f5 17. Bxf8 Kxf8 18. Qxf5 h6 19. Rfe1 f6 20. Re4 Ke7
21. Rg4 Re6 22. Re1 Kd6 23. d4 Ne7 24. dxe5+ fxe5 25. Qd3+ Nd5 26. c4 c6 27.
cxd5 cxd5 28. Rg6 h5 29. Qa3+ Bc5 30. Rxe6+ Kxe6 31. Qxc5 b6 32. Qc6+ Kf5 33.
Qxd5 Kg5 34. Rxe5+ Kf4 35. g3# 1-0

[Event "CYCC U12 w"]
[Site "Windsor CAN"]
[Date "2016.07.08"]
[Round "6.75"]
[White "He, Emma"]
[Black "Everitt, Marie"]
[Result "1-0"]
[WhiteElo "1474"]
[BlackElo "743"]
[PlyCount "45"]
[EventDate "2016.07.05"]
[EventType "swiss"]
[EventRounds "7"]
[EventCountry "CAN"]

1. e4 d6 2. d4 Nf6 3. Nc3 g6 4. Nf3 Bg7 5. Be3 O-O 6. Bd3 Bg4 7. h3 Bxf3 8.
Qxf3 Nc6 9. g4 Nb4 10. h4 Nxd3+ 11. cxd3 Qd7 12. Rg1 c5 13. h5 cxd4 14. Bxd4 e5
15. Be3 b5 16. Bg5 Ne8 17. Qh3 Bf6 18. Bxf6 Nxf6 19. Qh4 Ne8 20. Rh1 b4 21. Nd5
Qb5 22. hxg6 fxg6 23. Qxh7# 1-0

[Event "CYCC U12 w"]
[Site "Windsor CAN"]
[Date "2016.07.08"]
[Round "6.76"]
[White "Chertkow, Sasha"]
[Black "Lin, Alle"]
[Result "1-0"]
[WhiteElo "1187"]
[BlackElo "1108"]
[PlyCount "99"]
[EventDate "2016.07.05"]
[EventType "swiss"]
[EventRounds "7"]
[EventCountry "CAN"]

1. e4 e5 2. Nf3 Nc6 3. Nc3 Nf6 4. d4 Bd6 5. Bg5 O-O 6. Nd5 Be7 7. Nxe7+ Qxe7 8.
d5 Qb4+ 9. Nd2 Nxe4 10. c3 Qxb2 11. Nxe4 Na5 12. Bd3 Qb6 13. O-O c6 14. d6 f6
15. Be3 Qd8 16. Qf3 b6 17. Qg3 Kh8 18. Qh3 g6 19. f4 f5 20. Ng5 h5 21. fxe5 Qe8
22. Bd4 c5 23. e6+ cxd4 24. cxd4 dxe6 25. Rae1 Bd7 26. d5 Rf6 27. Qh4 Kg7 28.
Qd4 Qf8 29. dxe6 Nc6 30. Qc3 Qxd6 31. exd7 Nb4 32. Ne6+ Kf7 33. d8=Q Rxd8 34.
Nxd8+ Qxd8 35. Bc4+ Nd5 36. Rd1 Rd6 37. Bxd5+ Rxd5 38. Rxd5 Qxd5 39. Qb3 Qxb3
40. axb3 Ke6 41. Rd1 g5 42. Kf2 Ke5 43. g3 Ke4 44. Rd7 a5 45. Rd6 b5 46. Rb6 a4
47. bxa4 bxa4 48. Rb4+ Kd3 49. Rxa4 g4 50. Rf4 1-0

[Event "CYCC U12 w"]
[Site "Windsor CAN"]
[Date "2016.07.08"]
[Round "6.77"]
[White "D'Hondt, Sarah"]
[Black "Farkas, Jezzel"]
[Result "0-1"]
[WhiteElo "967"]
[BlackElo "925"]
[PlyCount "92"]
[EventDate "2016.07.05"]
[EventType "swiss"]
[EventRounds "7"]
[EventCountry "CAN"]

1. e3 c5 2. e4 Nc6 3. Bc4 e6 4. Nf3 Nf6 5. e5 Ng4 6. d3 Ngxe5 7. Bg5 Nxf3+ 8.
gxf3 Qxg5 9. h4 Qe5+ 10. Qe2 Qxe2+ 11. Kxe2 d5 12. Bb3 Bd6 13. Rg1 Rg8 14. h5
h6 15. Nc3 Nd4+ 16. Kd2 Nxf3+ 17. Ke2 Nxg1+ 18. Rxg1 Bd7 19. Nd1 a5 20. c4 d4
21. a4 O-O-O 22. Bc2 Bc6 23. b4 axb4 24. a5 Kc7 25. f3 Ra8 26. Nf2 f5 27. Ra1
Ra6 28. Bb3 Rga8 29. Rg1 Rg8 30. Rg6 Bd7 31. Nh3 Rxa5 32. f4 Raa8 33. Bc2 Ra2
34. Kd2 Ba4 35. Rxe6 Rxc2+ 36. Kd1 Rh2+ 37. Kc1 Rxh3 38. Re2 Bxf4+ 39. Kb2 Rh2
40. Rxh2 Bxh2 41. Ka2 Re8 42. Kb2 Re2+ 43. Kb1 Bf4 44. Ka1 Bd2 45. Kb1 Bc3 46.
Kc1 Re1# 0-1

[Event "CYCC U12 w"]
[Site "Windsor CAN"]
[Date "2016.07.08"]
[Round "7.73"]
[White "Farkas, Jezzel"]
[Black "Tian, Sherry"]
[Result "1/2-1/2"]
[WhiteElo "925"]
[BlackElo "1387"]
[PlyCount "69"]
[EventDate "2016.07.05"]
[EventType "swiss"]
[EventRounds "7"]
[EventCountry "CAN"]

1. d4 e6 2. c4 Nf6 3. Nc3 d5 4. cxd5 exd5 5. Bg5 c6 6. Nf3 Be7 7. e3 Bf5 8. Bd3
Bxd3 9. Qxd3 O-O 10. O-O Nbd7 11. Rfe1 Ne4 12. Bxe7 Qxe7 13. Nd2 Nxd2 14. Qxd2
Nf6 15. Qd3 Rfe8 16. Rac1 Ne4 17. Nxe4 Qxe4 18. Qxe4 Rxe4 19. Re2 Rae8 20. Rce1
f5 21. f3 R4e7 22. Kf2 Kf7 23. Kg3 g5 24. Kf2 Kf6 25. h3 h5 26. g3 h4 27. gxh4
gxh4 28. a3 Rg7 29. Rg1 Rxg1 30. Kxg1 f4 31. Kf2 Kf5 32. Re1 Re7 33. Re2 a6 34.
b4 b6 35. a4 1/2-1/2

[Event "CYCC U12 w"]
[Site "Windsor CAN"]
[Date "2016.07.08"]
[Round "7.75"]
[White "Boucher, Myriam"]
[Black "He, Emma"]
[Result "0-1"]
[WhiteElo "1167"]
[BlackElo "1474"]
[PlyCount "98"]
[EventDate "2016.07.05"]
[EventType "swiss"]
[EventRounds "7"]
[EventCountry "CAN"]

1. e4 e5 2. Nf3 Nc6 3. Bb5 a6 4. Bxc6 dxc6 5. Nxe5 Qd4 6. Ng4 Qxe4+ 7. Ne3 Bc5
8. Nc3 Qg6 9. O-O Nf6 10. d4 Bd6 11. Nc4 O-O 12. Re1 Bf5 13. Ne3 Bd7 14. b3
Rfe8 15. a4 Ng4 16. h3 Nxe3 17. Bxe3 Bxh3 18. Qf3 Bg4 19. Qxg4 Qxg4 20. f3 Qg3
21. Bf2 Qh2+ 22. Kf1 Rxe1+ 23. Rxe1 Bb4 24. Bg1 Qh5 25. Re5 Qxe5 26. dxe5 Bxc3
27. f4 a5 28. Bf2 b5 29. axb5 cxb5 30. Bc5 a4 31. bxa4 bxa4 32. Ke2 a3 33. Bxa3
Rxa3 34. Kd3 Bxe5+ 35. Ke4 Bd6 36. c4 Ra4 37. g3 Rxc4+ 38. Kf3 c5 39. Ke2 Rc2+
40. Kd3 Rg2 41. Ke4 Rxg3 42. Kf5 c4 43. Ke4 c3 44. Kf5 c2 45. Ke4 c1=Q 46. Kd5
Qd2+ 47. Kc4 Rc3+ 48. Kb5 Qb2+ 49. Ka4 Ra3# 0-1

[Event "CYCC U12 w"]
[Site "Windsor CAN"]
[Date "2016.07.08"]
[Round "7.76"]
[White "Yang, Elena"]
[Black "Chertkow, Sasha"]
[Result "1-0"]
[WhiteElo "1159"]
[BlackElo "1187"]
[PlyCount "173"]
[EventDate "2016.07.05"]
[EventType "swiss"]
[EventRounds "7"]
[EventCountry "CAN"]

1. e4 c5 2. Nf3 d6 3. d4 cxd4 4. Nxd4 Nf6 5. Nc3 g6 6. Be2 Bg7 7. O-O O-O 8.
Be3 Bd7 9. Qd2 Nc6 10. h3 Rc8 11. f4 a6 12. Kh1 Nh5 13. Bxh5 gxh5 14. Rad1 f5
15. exf5 Bxf5 16. Nde2 b5 17. a3 h4 18. Rg1 Kh8 19. Bf2 Qd7 20. Kh2 Rg8 21.
Bxh4 b4 22. axb4 Nxb4 23. Rc1 Rc5 24. Rge1 e5 25. fxe5 Bxe5+ 26. Bg3 Qg7 27.
Bxe5 Rxe5 28. Nd4 Qg3+ 29. Kh1 Rxe1+ 30. Rxe1 Bc8 31. Re3 Qf4 32. Nf3 Nxc2 33.
Rd3 Qxd2 34. Rxd2 Ne3 35. Ne4 d5 36. Neg5 Bb7 37. Ne5 d4 38. Rxd4 Bxg2+ 39. Kh2
Bf1 40. Re4 Nd5 41. Ngf7+ Kg7 42. Nd6 Kh6 43. Rh4+ Kg7 44. Rg4+ Kf8 45. Nd7+
Ke7 46. Rxg8 Kxd6 47. Rg1 Bc4 48. Nf8 h5 49. Rg6+ Kc5 50. Nd7+ Kb4 51. Ne5 Be2
52. Rg3 a5 53. Nc6+ Kb5 54. Nd4+ Kc4 55. Nxe2 a4 56. Nc1 Nb4 57. b3+ axb3 58.
Nxb3 Nd5 59. Nd2+ Kd4 60. Rg5 Nf4 61. Kg3 Ne2+ 62. Kf3 Nc3 63. Rxh5 Kd3 64. Nf1
Ne2 65. Rd5+ Kc4 66. Rd2 Nd4+ 67. Rxd4+ Kxd4 68. Kf4 Kd5 69. Kg5 Ke6 70. Kg6
Ke7 71. h4 Kf8 72. Kh7 Kf7 73. h5 Kf6 74. Kg8 Kg5 75. Ng3 Kh6 76. Kh8 Kg5 77.
Kh7 Kf6 78. h6 Kf7 79. Nf5 Kf8 80. Nd6 Ke7 81. Kg7 Kd8 82. h7 Kd7 83. h8=Q Kc6
84. Qh5 Kb6 85. Nc4+ Kb7 86. Qc5 Ka6 87. Qb6# 1-0

[Event "CYCC U12 w"]
[Site "Windsor CAN"]
[Date "2016.07.08"]
[Round "7.77"]
[White "Lin, Alle"]
[Black "D'Hondt, Sarah"]
[Result "1-0"]
[WhiteElo "1108"]
[BlackElo "967"]
[PlyCount "51"]
[EventDate "2016.07.05"]
[EventType "swiss"]
[EventRounds "7"]
[EventCountry "CAN"]

1. e4 d6 2. Nf3 e6 3. d4 d5 4. e5 Bb4+ 5. Bd2 Qe7 6. a3 Bxd2+ 7. Qxd2 f6 8. Nc3
Nc6 9. Bb5 a6 10. Ba4 b5 11. Bb3 fxe5 12. Nxe5 Nxe5 13. dxe5 Bb7 14. O-O a5 15.
Nxb5 Ba6 16. c4 dxc4 17. Bxc4 c6 18. Nd6+ Kd7 19. Nf5+ Kc7 20. Qxa5+ Kc8 21.
Bxa6+ Rxa6 22. Qxa6+ Qb7 23. Nd6+ Kd7 24. Qxb7+ Kd8 25. Qc8+ Ke7 26. Qe8# 1-0

[Event "CYCC U12 w"]
[Site "Windsor CAN"]
[Date "2016.07.08"]
[Round "7.78"]
[White "Everitt, Marie"]
[Black "Periappuram, Moira"]
[Result "0-1"]
[WhiteElo "743"]
[BlackElo "542"]
[PlyCount "70"]
[EventDate "2016.07.05"]
[EventType "swiss"]
[EventRounds "7"]
[EventCountry "CAN"]

1. Nf3 d6 2. g3 e5 3. d4 e4 4. Nfd2 Nf6 5. Bg2 Bf5 6. O-O Nc6 7. c3 d5 8. Nb3
Bd6 9. Nc5 Rb8 10. Bg5 O-O 11. b4 b6 12. Na6 Rb7 13. b5 Na5 14. Nd2 Be7 15. Nb3
Qd7 16. a4 Bh3 17. Nxa5 bxa5 18. Nc5 Bxc5 19. dxc5 Qf5 20. c6 Rbb8 21. Bf4 Rbc8
22. Qd4 Rfe8 23. Qxa7 Qh5 24. Rfe1 Ng4 25. Qxa5 Bxg2 26. h4 e3 27. f3 Ne5 28.
Kxg2 Re6 29. b6 Rxc6 30. Qxd5 Re6 31. g4 Qxh4 32. Rf1 Ng6 33. Qd7 Nxf4+ 34. Kg1
Qg3+ 35. Kh1 Qg2# 0-1

[Event "CYCC U14"]
[Site "Windsor CAN"]
[Date "2016.07.05"]
[Round "1.23"]
[White "Hua, Eugene"]
[Black "Atanasov, David"]
[Result "1-0"]
[WhiteElo "2201"]
[BlackElo "1467"]
[PlyCount "113"]
[EventDate "2016.07.05"]
[EventType "swiss"]
[EventRounds "7"]
[EventCountry "CAN"]

1. c4 f5 2. g3 Nf6 3. Bg2 g6 4. Nc3 Bg7 5. d3 O-O 6. e4 e6 7. Nge2 d6 8. O-O
Nbd7 9. h3 Ne5 10. f4 Nc6 11. Be3 Re8 12. Qd2 Qe7 13. Rae1 Bd7 14. Kh2 a6 15.
d4 Rab8 16. e5 Nh5 17. b3 b5 18. d5 Nd8 19. dxe6 Bxe6 20. cxb5 axb5 21. exd6
Qxd6 22. Qxd6 cxd6 23. Nd4 Bxd4 24. Bxd4 Bd7 25. Rxe8+ Bxe8 26. g4 Ng7 27. Nd5
fxg4 28. Ba7 g3+ 29. Kg1 Rb7 30. Nf6+ Kf7 31. Bxb7 Nxb7 32. Nxe8 Nxe8 33. Rc1
Ke6 34. Rc8 Kd7 35. Rb8 Nd8 36. Rxb5 Nc6 37. Be3 Nc7 38. Rg5 Ne6 39. Rd5 Ne7
40. Rd3 Nf5 41. b4 Nxe3 42. Rxe3 Nxf4 43. h4 Nd5 44. Rb3 Kc6 45. a4 Kb6 46. Kg2
h5 47. Kxg3 Nf6 48. Kf4 Nh7 49. b5 d5 50. Ke5 g5 51. hxg5 Nxg5 52. a5+ Kxa5 53.
b6 Ka4 54. Rb1 Ka5 55. b7 Ka4 56. b8=Q Ka5 57. Qb5# 1-0

[Event "CYCC U14"]
[Site "Windsor CAN"]
[Date "2016.07.05"]
[Round "1.24"]
[White "Mathews, Joshua"]
[Black "Cai, Jason"]
[Result "0-1"]
[WhiteElo "1361"]
[BlackElo "2185"]
[PlyCount "78"]
[EventDate "2016.07.05"]
[EventType "swiss"]
[EventRounds "7"]
[EventCountry "CAN"]

1. e4 e6 2. d4 d5 3. e5 c5 4. c3 Nc6 5. Nf3 Bd7 6. Be2 Qb6 7. O-O Nh6 8. a3
cxd4 9. b4 Nf5 10. cxd4 Nfxd4 11. Nxd4 Qxd4 12. Qxd4 Nxd4 13. Bb2 Nxe2+ 14. Kh1
Nf4 15. Nd2 Be7 16. g3 Nd3 17. Bd4 f6 18. f4 fxe5 19. fxe5 Rf8 20. Rxf8+ Bxf8
21. Rd1 Ba4 22. Rf1 Rc8 23. Bxa7 Nxe5 24. Re1 Nc6 25. Bb6 Kd7 26. Nf3 Be7 27.
h4 Bf6 28. g4 Rf8 29. Bc5 Be7 30. Ng5 e5 31. Bxe7 Kxe7 32. h5 h6 33. Nh3 d4 34.
Re2 d3 35. Rd2 e4 36. g5 Ne5 37. gxh6 gxh6 38. Ng1 Nc4 39. Rg2 d2 0-1

[Event "CYCC U14"]
[Site "Windsor CAN"]
[Date "2016.07.05"]
[Round "1.25"]
[White "Liang, Hairan"]
[Black "Chertkow, Matthew"]
[Result "1-0"]
[WhiteElo "2182"]
[BlackElo "1325"]
[PlyCount "53"]
[EventDate "2016.07.05"]
[EventType "swiss"]
[EventRounds "7"]
[EventCountry "CAN"]

1. e4 c5 2. Nf3 d6 3. Bb5+ Bd7 4. Bxd7+ Nxd7 5. c4 Ngf6 6. Nc3 g6 7. O-O Bg7 8.
d4 O-O 9. d5 e6 10. dxe6 fxe6 11. Qxd6 Re8 12. Rd1 Qb6 13. e5 Qa5 14. exf6 Bxf6
15. Bg5 Rad8 16. Bxf6 Nxf6 17. Qe5 Nd7 18. Qg5 e5 19. Ne4 Rf8 20. Qe7 Qc7 21.
Nfg5 Nf6 22. Nxf6+ Rxf6 23. Rxd8+ Qxd8 24. Qxd8+ Rf8 25. Qc7 Rf7 26. Qxf7+ Kh8
27. Qxh7# 1-0

[Event "CYCC U14"]
[Site "Windsor CAN"]
[Date "2016.07.05"]
[Round "1.26"]
[White "Jeyakumar, Yathushan"]
[Black "Zhang, Henry"]
[Result "0-1"]
[WhiteElo "1297"]
[BlackElo "2113"]
[PlyCount "136"]
[EventDate "2016.07.05"]
[EventType "swiss"]
[EventRounds "7"]
[EventCountry "CAN"]

1. e4 c5 2. c3 b6 3. d4 Bb7 4. e5 e6 5. Nf3 cxd4 6. cxd4 d6 7. Bb5+ Nd7 8. Bf4
a6 9. Ba4 b5 10. Bb3 dxe5 11. dxe5 Ne7 12. Nc3 Ng6 13. Bg3 Qc7 14. O-O Rd8 15.
Qe2 Bxf3 16. Qxf3 Ndxe5 17. Qe2 Bd6 18. Rac1 Qb6 19. Kh1 O-O 20. Rfd1 Bb8 21.
Ne4 Ne7 22. Rxd8 Rxd8 23. Bh4 N5g6 24. Bg5 Bf4 25. Bxe7 Nxe7 26. Rd1 h6 27.
Rxd8+ Qxd8 28. Qg4 Qd3 29. Qd1 Qxe4 30. f3 Qb4 31. Bc2 Qd6 32. Qe2 Qd2 33. Qxd2
Bxd2 34. Kg1 Nf5 35. Kf2 Nd4 36. Be4 a5 37. Kg3 b4 38. b3 e5 39. Bd5 Ne6 40.
Kf2 Nd4 41. g3 Nb5 42. g4 Nc3 43. Bc4 Nxa2 44. Ke2 Bf4 45. h4 Nc3+ 46. Kd3 Kf8
47. Ba6 Ke7 48. Bb7 Kd6 49. Kc4 f6 50. Ba6 g6 51. h5 gxh5 52. gxh5 f5 53. Bb7
e4 54. fxe4 fxe4 55. Kd4 e3 56. Ba6 e2 57. Bxe2 Nxe2+ 58. Kc4 Nc1 59. Kd4 Nxb3+
60. Kc4 Nd2+ 61. Kd3 b3 62. Kc3 a4 63. Kb2 Nc4+ 64. Kb1 b2 65. Ka2 a3 66. Kb1
Nd2+ 67. Ka2 b1=Q+ 68. Kxa3 Qb3# 0-1

[Event "CYCC U14"]
[Site "Windsor CAN"]
[Date "2016.07.05"]
[Round "1.27"]
[White "Li, William"]
[Black "Hou, Frank"]
[Result "1-0"]
[WhiteElo "2075"]
[BlackElo "1273"]
[PlyCount "95"]
[EventDate "2016.07.05"]
[EventType "swiss"]
[EventRounds "7"]
[EventCountry "CAN"]

1. e4 e5 2. Nf3 Nc6 3. d4 exd4 4. Bc4 Nf6 5. O-O d6 6. Nxd4 Be7 7. Nc3 O-O 8.
h3 Ne5 9. Be2 d5 10. f4 Ng6 11. e5 Ne4 12. Nxe4 dxe4 13. Be3 c5 14. Nb5 b6 15.
Qe1 Bh4 16. Qc3 Kh8 17. f5 Ne7 18. Rad1 Nd5 19. Qb3 Bg5 20. Bxg5 Qxg5 21. Qxd5
Bxf5 22. Kh1 Be6 23. Qxe4 Qh6 24. Qf4 Qxf4 25. Rxf4 Kg8 26. Nc7 Rac8 27. Nxe6
fxe6 28. Rxf8+ Kxf8 29. Rd7 b5 30. Rxa7 c4 31. Bg4 Rc5 32. Bxe6 Rxe5 33. Bg4
Re1+ 34. Kh2 Rb1 35. b3 cxb3 36. axb3 Re1 37. Rb7 Re5 38. Bd7 Rc5 39. Bxb5 Rxc2
40. Bc4 g5 41. Rxh7 Rb2 42. Rh5 Ke7 43. Rxg5 Kf6 44. Rg3 Rd2 45. h4 Rd7 46. h5
Rh7 47. Rh3 Kg5 48. b4 1-0

[Event "CYCC U14"]
[Site "Windsor CAN"]
[Date "2016.07.05"]
[Round "1.28"]
[White "Fox, Dylan"]
[Black "Surya, Benito"]
[Result "0-1"]
[WhiteElo "1252"]
[BlackElo "2001"]
[PlyCount "112"]
[EventDate "2016.07.05"]
[EventType "swiss"]
[EventRounds "7"]
[EventCountry "CAN"]

1. e4 Nf6 2. e5 Nd5 3. d4 d6 4. Nf3 Bg4 5. Be2 c6 6. exd6 exd6 7. h3 Bh5 8. c4
Nb6 9. Bf4 Bxf3 10. Bxf3 Nxc4 11. O-O Be7 12. Qc2 Nb6 13. Nc3 O-O 14. Rad1 d5
15. Rd3 Bd6 16. Bc1 Na6 17. a3 Nc7 18. Bg4 f5 19. Bh5 Qf6 20. Rfd1 Ne6 21. g3
g6 22. Bf3 f4 23. g4 Qh4 24. Kg2 Ng5 25. Rh1 Nd7 26. Ne2 Nf6 27. Ng1 Nfe4 28.
Rb3 Rf7 29. Rh2 Raf8 30. a4 h6 31. a5 a6 32. Rd3 Bc7 33. b4 Bd6 34. Ba3 h5 35.
Qe2 Re7 36. Qc2 Rff7 37. Rb3 Rh7 38. Rh1 Kg7 39. gxh5 gxh5 40. Bb2 Kg8 41. Rh2
Rhg7 42. Kf1 Nxf3 43. Rxf3 Ng5 44. Rc3 f3 45. Rh1 Nxh3 46. Nxf3 Qg4 47. Ne5
Qg2+ 48. Ke2 Qxh1 49. Re3 Nf4+ 50. Kd2 Qg2 51. Kc3 Bxe5 52. Qf5 Qxf2 53. Qc8+
Kf7 54. Qf5+ Bf6 55. Rxe7+ Kxe7 56. Qc8 Rg3# 0-1

[Event "CYCC U14"]
[Site "Windsor CAN"]
[Date "2016.07.05"]
[Round "1.29"]
[White "Liu, Lambert"]
[Black "Gaur, Shivan"]
[Result "1-0"]
[WhiteElo "1993"]
[BlackElo "1211"]
[PlyCount "55"]
[EventDate "2016.07.05"]
[EventType "swiss"]
[EventRounds "7"]
[EventCountry "CAN"]

1. e4 c5 2. Nf3 g6 3. d4 cxd4 4. Nxd4 Nc6 5. Nc3 Bg7 6. Be3 Nf6 7. Bc4 O-O 8.
Bb3 a5 9. a3 a4 10. Ba2 d5 11. exd5 Nxd5 12. Nxd5 e6 13. Nxc6 bxc6 14. Nb6 Rb8
15. Qxd8 Rxd8 16. Nxa4 Bb7 17. O-O Ba6 18. Rfd1 Bb7 19. h3 Ba8 20. Ba7 Rbc8 21.
Nb6 Rxd1+ 22. Rxd1 Re8 23. c3 h5 24. Rd7 c5 25. Nxa8 Rxa8 26. Bxc5 Rb8 27. Bb4
Bf6 28. a4 1-0

[Event "CYCC U14"]
[Site "Windsor CAN"]
[Date "2016.07.05"]
[Round "1.30"]
[White "Cui, Kevin"]
[Black "Liu, Daniel"]
[Result "0-1"]
[WhiteElo "1182"]
[BlackElo "1970"]
[PlyCount "64"]
[EventDate "2016.07.05"]
[EventType "swiss"]
[EventRounds "7"]
[EventCountry "CAN"]

1. e4 c5 2. Nf3 d6 3. d4 cxd4 4. Nxd4 Nf6 5. Nc3 e6 6. Bd3 Be7 7. O-O a6 8. Bd2
Qc7 9. Re1 O-O 10. Qf3 Nc6 11. Nb3 b5 12. a3 Bb7 13. Qg3 Ne5 14. h3 Rfd8 15.
Bf4 Ng6 16. e5 dxe5 17. Bxe5 Nxe5 18. Rxe5 Bd6 19. f4 Bxe5 20. fxe5 Qb6+ 21.
Kh1 Nh5 22. Qh4 g6 23. Ne4 Bxe4 24. Bxe4 Rac8 25. Rf1 Rc4 26. Nc5 Rxc5 27. g4
Ng7 28. Rxf7 Kxf7 29. Qxh7 Rxe5 30. Qxg6+ Kg8 31. Qh7+ Kf8 32. Qh8+ Kf7 0-1

[Event "CYCC U14"]
[Site "Windsor CAN"]
[Date "2016.07.05"]
[Round "1.31"]
[White "Wang, Jeff"]
[Black "Ekanayake, Aneesha"]
[Result "1-0"]
[WhiteElo "1920"]
[BlackElo "1150"]
[PlyCount "59"]
[EventDate "2016.07.05"]
[EventType "swiss"]
[EventRounds "7"]
[EventCountry "CAN"]

1. e4 e5 2. Nf3 Nc6 3. Bb5 Nf6 4. d3 h6 5. c3 Be7 6. O-O O-O 7. Bxc6 bxc6 8.
Nxe5 d6 9. Nxc6 Qd7 10. Nxe7+ Qxe7 11. Re1 Bg4 12. Qc2 d5 13. f3 Bh5 14. Be3
Rab8 15. b4 Rfe8 16. Bxa7 Rb7 17. Bd4 c6 18. Nd2 dxe4 19. dxe4 Bg6 20. a4 Nd5
21. Qd1 Nf4 22. Nf1 Qg5 23. Ng3 Rd8 24. Qc1 h5 25. Be3 Rd1 26. Rxd1 Ne2+ 27.
Nxe2 Qe5 28. Nf4 Bh7 29. Rd8+ Qe8 30. Rxe8# 1-0

[Event "CYCC U14"]
[Site "Windsor CAN"]
[Date "2016.07.05"]
[Round "1.32"]
[White "Li, Yang"]
[Black "Bu, Kevin"]
[Result "0-1"]
[WhiteElo "1075"]
[BlackElo "1916"]
[PlyCount "55"]
[EventDate "2016.07.05"]
[EventType "swiss"]
[EventRounds "7"]
[EventCountry "CAN"]

1. e4 Nf6 2. Nc3 e5 3. Nf3 Bb4 4. d3 d5 5. Bd2 Nc6 6. exd5 Nxd5 7. Nxd5 Bxd2+
8. Qxd2 Qxd5 9. Be2 h6 10. O-O O-O 11. c3 Bg4 12. h3 Bh5 13. Rfe1 Rad8 14. c4
Qd6 15. Rad1 Rfe8 16. Nh2 Bg6 17. Qc3 Nd4 18. Bf1 c5 19. Re3 f5 20. Nf3 f4 21.
Ree1 Bh5 22. Be2 Nxe2+ 23. Rxe2 e4 24. Qe1 exf3 25. Rxe8+ Rxe8 26. Qc3 fxg2 27.
Rc1 f3 28. b3 0-1

[Event "CYCC U14"]
[Site "Windsor CAN"]
[Date "2016.07.05"]
[Round "1.33"]
[White "Gaisinsky, Adam"]
[Black "Yang, Brett"]
[Result "1-0"]
[WhiteElo "1913"]
[BlackElo "1040"]
[PlyCount "33"]
[EventDate "2016.07.05"]
[EventType "swiss"]
[EventRounds "7"]
[EventCountry "CAN"]

1. e4 e5 2. Nf3 Nc6 3. Bb5 a6 4. Ba4 b5 5. Bb3 Bb7 6. O-O Bc5 7. c3 Nf6 8. d4
exd4 9. cxd4 Bb6 10. Bg5 O-O 11. e5 h6 12. Bh4 g5 13. Nxg5 Nxd4 14. Nh3 Nf5 15.
Bxf6 Qe8 16. Qg4+ Kh7 17. Qxf5+ 1-0

[Event "CYCC U14"]
[Site "Windsor CAN"]
[Date "2016.07.05"]
[Round "1.34"]
[White "Eckert, Ethan"]
[Black "Wang, Kaixin"]
[Result "0-1"]
[WhiteElo "997"]
[BlackElo "1853"]
[PlyCount "86"]
[EventDate "2016.07.05"]
[EventType "swiss"]
[EventRounds "7"]
[EventCountry "CAN"]

1. e4 c5 2. Nf3 d6 3. d4 cxd4 4. Nxd4 Nf6 5. Nc3 a6 6. f3 e5 7. Nb3 Be6 8. Be3
Be7 9. Qd2 Nbd7 10. O-O-O b5 11. Kb1 O-O 12. h4 Nh5 13. Bg5 f6 14. Be3 Ng3 15.
Rh2 Nb6 16. Qf2 Nc4 17. Bxc4 bxc4 18. Qxg3 cxb3 19. cxb3 f5 20. exf5 Bxf5+ 21.
Ka1 Rf7 22. Nd5 Bf8 23. h5 Rb8 24. Qh4 Qa5 25. Qa4 Qxa4 26. bxa4 Bc2 27. Rc1
Bxa4 28. b3 Bb5 29. Rc7 Rb7 30. Rxb7 Rxb7 31. f4 Bc6 32. Nc3 Be7 33. f5 Bf6 34.
h6 d5 35. Ne2 d4 36. Bc1 d3 37. Ng1 Rd7 38. g4 e4+ 39. Kb1 Bc3 40. Bd2 Bxd2 41.
Rxd2 e3 42. Rd1 e2 43. Nxe2 dxe2 0-1

[Event "CYCC U14"]
[Site "Windsor CAN"]
[Date "2016.07.05"]
[Round "1.35"]
[White "Zhang, Zhehai"]
[Black "Novakovic, David"]
[Result "1-0"]
[WhiteElo "1837"]
[BlackElo "939"]
[PlyCount "35"]
[EventDate "2016.07.05"]
[EventType "swiss"]
[EventRounds "7"]
[EventCountry "CAN"]

1. e4 e5 2. Nf3 Nf6 3. Nxe5 Nxe4 4. Qe2 Bd6 5. Nc4 O-O 6. d3 Nf6 7. Nxd6 cxd6
8. Qf3 Re8+ 9. Be2 h6 10. O-O Qc7 11. Nc3 b6 12. Bxh6 gxh6 13. Qxf6 Rxe2 14.
Nxe2 Qxc2 15. Nf4 Qc5 16. Rac1 Qg5 17. Rxc8+ Kh7 18. Qh8# 1-0